Yeat Quiz - Statistics

General Stats
  • This quiz has been taken 97 times
  • The average score is 11 of 32
Answer Stats
Hint Answer % Correct
Project with the most features 2 Alive
85%
Project where he first started straying from his rage sound Lyfe
69%
Yeat's real name Noah
63%
Yeat's closest and main producer BNYX
56%
Rapper who boosted Yeat's numbers massively in 2023 Drake
56%
First song that blew up Sorry Bout That
53%
His most streamed song Money so big
49%
His only real feature in 'Afterlyfe' YoungBoy
49%
Rapper actively beefing with Yeat Ken Carson
46%
His former rap name Lil Yeat
46%
His most universally disliked full length project LYFESTYLE
46%
Yeat's first alter-ego feature in 'Afterlyfe' Kranky Kranky
43%
His first full length project Alive
40%
Yeat's second alter-ego feature in 'Afterlyfe' Luh geeky
40%
Producer of that song Trgc
38%
Yeat's main inspiration Young Thug
37%
His first Zack Bia album 2 Alive
35%
State where the cover of '4L' was shot California
34%
His close label affiliate and 'cheerleader' SeptembersRich
31%
Where Yeat was born California
29%
His former label Twizzy Rich
26%
Yeat's first mixtape Wake Up Call
26%
Longest project Geek Pack
22%
Where Yeat grew up in Portland
19%
How Yeat was making money before rap Scamming
15%
Head clothing which Yeat was wearing in 2022 Balaclava
9%
Song that blew up on TikTok in 2022 Rich Minion
9%
Rap collective which Yeat was affiliated with from 2019-21 Slayworld
9%
Ug rapper who Yeat shouts out in his 2021 song 'Tonka' Izaya Tiji
3%
Producer who Yeat recruited for '2093' Star boy
3%
Where the music video for 'Get Busy' was filmed Joshua Tree
1%
Head clothing which Yeat was wearing in 2021 Scarf
1%
No matching quizzes found
Score Distribution
Percent of People with Each Score
Percentile by Number Answered
Your Score History
You have not taken this quiz